MDQL
is popping MORE tags! Check the
thread
!
Quizzes
Events
Quiz Creation
Community
Videos
Private Events
Remove Ads
Sign In
Join for FREE
Feedback
Dark Mode
Quiz Categories
Sports
Geography
Music
Movies
Television
Just For Fun
Miscellaneous
History
Literature
Language
Science
Gaming
Entertainment
Religion
Holiday
For Kids
Quiz Lab
Recent
Popular Today
Quiz Kudos Today
Editor Picks
Curator Picks
Quizzes by...
Day
Popularity
Type
Ratings
Length
Year
Community
Subscriptions
Recent Discussions
Orange Saloon
Badges
Playlists
Quests
Create
Leaderboards
Showdown
Live 5
Trivia Bingo
Activity
Puzzle Library
Sporcle Events
Private Events
Virtual Trivia
Globe League
Become a Host
Pub Owners
SporcleCon
Opinionation
Our Games
Videos
Blog
Mobile Apps
Partnerships
Remove Ads and Go Orange
Feedback
Sports
Athletes
MLB
NBA
NHL
NFL
Soccer
Sports Teams
WWE
NCAA
Football
Premier League
Basketball
Baseball
Hockey
Golf
Tennis
Cricket
Rugby
Auto Racing
Olympics
World Cup
Sports
Athletes
MLB
NBA
NHL
NFL
Soccer
Sports Teams
WWE
NCAA
Football
Premier League
Basketball
Baseball
Hockey
Golf
Tennis
Cricket
Rugby
Auto Racing
Olympics
World Cup
Random Quiz
Search Sporcle
×
Quiz Lab
Quiz Lab
Sports
Football
Type in answers that appear in a list
Type in answers that appear in a list
Classic
Best Score? Go Orange.
Penn State 1st team All-Americans Stats
Can you name the 1st team All-Americans of PSU football?
By
dannyhasnopride
15m
79 Questions
344 Plays
344 Plays
344 Plays
Comments
Comments
Give Quiz Kudos
Give Quiz Kudos
-
- Ratings
hide this ad
Replay
Link that replays current quiz
Next Quiz
Link to next quiz in quiz playlist
You Got
0%
They Got
Avg Score
24%
Avg Friend Score
Upgrade to see
Score Distribution
Jump to the score distribution portion of the page
Score
0/79
Timer
15:00
0
Plays Today
Year(s)
Player
% Correct
1994
Kerry Collins
85.5%
1998, 1999
LaVar Arrington
83.4%
1994
Ki-Jana Carter
75.6%
2002
Larry Johnson
71.2%
1999
Courtney Brown
70.6%
2006, 2007
Dan Connor
64.2%
1994
Kyle Brady
61.9%
1994
Bobby Engram
61.6%
1981, 1982
Curt Warner
58.7%
2005, 2006
Paul Posluszny
58.1%
1985, 1986
Shane Conlan
56.1%
1970
Jack Ham
55.5%
1997
Curtis Enis
53.8%
2005
Tamba Hali
51.7%
1989
Blair Thomas
48%
1986
D.J. Dozier
47.1%
1971
Lydell Mitchell
42.2%
1973
John Cappelletti
41.9%
2008
Aaron Maybin
40.1%
1999
Brandon Short
38.1%
1978
Matt Millen
37.5%
1994, 1995
Jeff Hartings
37.5%
1992
O.J. McDuffie
36%
2002
Jimmy Kennedy
34.9%
2002
Michael Haynes
30.5%
1969
Mike Reid
29.9%
1978
Chuck Fusina
29.7%
1982, 1983
Kenny Jackson
27%
2008
A.Q. Shipley
26.2%
1978, 1979
Bruce Clark
23.5%
1987, 1988
Steve Wisniewski
23%
1968, 1969
Dennis Onkotz
22.7%
1975
Greg Buttle
21.5%
1967, 1968
Ted Kwalick
20.6%
1978
Matt Bahr
18.6%
1989
Andre Collins
18.3%
1982
Walker Lee Ashley
17.7%
1975
Chris Bahr
16.6%
1980, 1981
Sean Farrell
16%
1986
Chris Conlin
15.7%
Year(s)
Player
% Correct
1947
Steve Suhey
14.5%
1986
Tim Johnson
14.5%
1996
Kim Herring
14.5%
1985
Michael Zordich
14%
1977, 1978
Keith Dorney
13.4%
1962
Dave Robinson
12.8%
1969
Charlie Pittman
12.8%
1991
Darren Perry
12.5%
1993
Lou Benfatti
12.5%
1978
Pete Harris
10.2%
1972
John Hufnagel
9.3%
1973
Ed O'Neil
8.7%
1906
W.T. Dunn
8.4%
1959
Rich Lucas
8.4%
1969
Neal Smith
8.1%
1982
Mark Robinson
7%
1964
Glenn Ressler
6.7%
1971
Dave Joyner
6.7%
1977
Randy Sidler
6.7%
1915, 1919
Bob Higgins
6.4%
1973
Randy Crowder
6.1%
1975
Tom Rafferty
4.7%
1972
John Skorupan
4.4%
1921
Glenn Killinger
4.1%
1971
Charlie Zapiec
4.1%
1976
Kurt Allerman
4.1%
1980
Bill Dugan
3.5%
1923
Harry Wilson
3.2%
1940
Leon Gajecki
3.2%
1962
Roger Kochman
3.2%
1972
Bruce Bannon
2.9%
1920
Percy Griffiths
2%
1923
Joe Bedenk
2%
1948
Sam Tamburo
2%
1956
Sam Valentine
2%
1974
John Nessel
2%
1974
Mike Hartenstein
2%
1920
Charley Way
1.7%
1961
Bob Mittinger
1.5%
Quiz Playlist
Details
Report
Send in Message
Add To Playlist
Classic:
Type in answers that appear in a list
Quiz Source
Last Updated: Feb 16, 2017
Quiz Scoreboard
CHALLENGE
Sign Up to Join the Scoreboard
Show All
Scores
Hide
Comments
May contain spoilers
Recently Published
1-10 Letter E Words III
by El_Dandy
Language
2m
Street Fighter Characters
by Artimus82
Gaming
60s
College Basketball Coaching Resumes
by pancakes188
Sports
9m
More to Explore
Quiz From the Vault
Featured Blog Post
Where Did the Easter Bunny Come From?
hide this ad
You Might Also Like...
Tags
Football Quiz
State Quiz
All-American
penn
Player
psu
team
Today's Top Quizzes in Sports
Browse Sports
hide this ad
Today's Top Quizzes in Football
Browse Football
Top Contributed Quizzes in Sports
1
2022 World Cup Stars
2
Les meilleurs buteurs des matchs entre le PSG et l’OM
3
FIFA Club World Cup Champions
4
Les entraîneurs de l'OM et du PSG au 21e siècle
5
Criteria MLB: Left Handed Sluggers
6
2023 MLB Unique Player Accomplishments
7
AFC Teams Reveal (Wrong Answers Minefield)
8
Players with Multiple 50 Home Run Seasons
9
5-to-1: FBS Animal Nicknames
10
5-to-1: UK Sports Teams
Explore More
Trending Topics
Anime
Kpop
Marvel
Harry Potter
NBA
Disney
Crossword
Soccer
NFL
Puzzle
WWE
Pokémon
Song
The Office
Country
hide this ad
More By:
dannyhasnopride
Quiz
Plays
Rating
Category
Featured
Created
Penn State 1st team All-Americans
344
2.67
Sports
Oct 22, 2009
Go to Creator's Profile
Score Distribution
Quiz Creator Spotlight
dannyhasnopride
Follow
Send a Message
Quizzes Created
-
Created Quiz Play Count
-
More By This Creator
Popular Quizzes Today
1
Find the US States - No Outlines Minefield
2
Find the Countries of Europe - No Outlines Minefield
3
The Countries of the World
4
Find the US States
5
Risky Map Clicking: Biggest States A-Z
6
US States
7
Popular People in 1961
8
Movies - When Are They Set?
More Sports Quizzes
Illinois state football champions 7A
Quiz Lab
Trending Quizzes
Risky Map Clicking: Least Populous States A-Z
1-10 Letter G Words
1-10 Letter F Words
Countries of the World: 200 Million BC
Risky Map Clicking: Next State Alphabetically
Recently Updated
Most Oscar Losses (Acting)
pecheneg
Beyoncé Albums
pecheneg
Leaping Animals
pecheneg
Reality TV Shows (A-Z)
bhenderson79
Rickey Henderson's Hall of Fame Teammates
pecheneg
Champions League XIs: Arsenal
pecheneg
Quick Pick: Celebrities in WWE's Hall of Fame
aduchscher
A-Z Keypad Blitz II
pecheneg
Multiple Oscar Actors
pecheneg
Mystery Phrase Blitz: Oscar 'Best Actors'
pecheneg
Trending Topics
Crossword
Harry Potter
Anime
NBA
Marvel
Disney
Kpop
Puzzle
NFL
WWE
Song
Country
Soccer
Pokémon
The Office
Your Account Isn't Verified!
In order to create a playlist on Sporcle, you need to verify the email address you used during registration. Go to your
Sporcle Settings
to finish the process.
Report this User
Report this user for behavior that violates our
Community Guidelines
.
Details:
Send Report
Go to the Sporcle.com Mobile Site →
Comments